000 00885aam a2200289 i 4500
001 768714001
003 CO-MdFUSB
005 20250605172611.0
008 220601t1963 gw ||||| |||| 00| 0 grc d
020 _a343805130-3
040 _bspa.
_aCO-MdFUSB
_cCO-MdFUSB
_dCO-MdFUSBC
_erda
041 _agrc
082 0 4 _a226.1
_2S9934
100 1 _aAland, Kurt
245 1 0 _aSynopsis Quattuor Evangeliorum :
_blocis parallelis evangeliorum apocryphorum et patrum adhibitis edidit
_c/ Kurt Aland
250 _a13
264 1 _aGermany :
_bDeutsche Bibelgesellschaft,
_c[1963]
264 4 _c© 1963
300 _a590 Pag.
_c;
336 _2rdacontent
_atexto
_btxt
337 _2rdamedia
_asin mediación
_bn
338 _2rdacarrier
_avolumen
_bnc
630 0 7 _aBiblia.
_pNuevo Testamento
653 _aTextos Originales - Griego - Evangelio
942 _cBK
945 _aestudiante
999 _c31719
_d31719